00353pab a2200133 454500008004000000100002400040245005300064260000900117300002000126362001100146650002500157650001700182773002000199180718b2014 xxu||||| |||| 00| 0 eng d aSingh, Chandra B.P. aManaging Indian universities in education market c2014 ap.175-178, 190. a17 Feb aUniversities - India aUniversities aUniversity News